UFC Top 15 Flyweights - Statistics

General Stats
  • This quiz has been taken 38 times
  • The average score is 9 of 16
Answer Stats
Hint Answer % Correct
1 Alexandre Pantoja
100%
C Joshua Van
96%
5 Brandon Moreno
86%
4 Brandon Royval
86%
2 Manel Kape
82%
3 Tatsuo Taira
75%
6 Amir Albazi
50%
8 Kyoji Horiguchi
50%
12 Tagir Ulanbekov
50%
10 Steve Erceg
43%
11 Alex Perez
36%
14 Bruno Silva
36%
9 Tim Elliott
36%
7 Asu Almabayev
32%
15 Lone'er Kavanagh
25%
13 Charles Johsnon
7%
No matching quizzes found
Score Distribution
Percent of People with Each Score
Percentile by Number Answered
Your Score History
You have not taken this quiz